Engineering electromagnetics (Record no. 3963)

000 -LEADER
fixed length control field 00510nam a2200193 i 4500
001 - CONTROL NUMBER
control field 3963
003 - CONTROL NUMBER IDENTIFIER
control field BD-DhUET
008 - FIXED-LENGTH DATA ELEMENTS--GENERAL INFORMATION
fixed length control field 800401s1981 nyua b 001 0 eng
020 ## - INTERNATIONAL STANDARD BOOK NUMBER
International Standard Book Number 0070273952
040 ## - CATALOGING SOURCE
Original cataloging agency DLC
Transcribing agency DLC
Modifying agency BD-DhUET
082 00 - DEWEY DECIMAL CLASSIFICATION NUMBER
Classification number 530.41
Item number HAY/1981
100 ## - MAIN ENTRY--PERSONAL NAME
Personal name Hayt, William H.
245 10 - TITLE STATEMENT
Title Engineering electromagnetics
Statement of responsibility, etc. by William H. Hayt
250 ## - EDITION STATEMENT
Edition statement 4th ed.
260 ## - PUBLICATION, DISTRIBUTION, ETC. (IMPRINT)
Place of publication, distribution, etc. New York
Name of publisher, distributor, etc. McGraw-Hill
Date of publication, distribution, etc. 1981
300 ## - PHYSICAL DESCRIPTION
Extent xiii, 527 p.
Other physical details ill.
Dimensions 25 cm.
650 #0 - SUBJECT ADDED ENTRY--TOPICAL TERM
Topical term or geographic name as entry element Electromagnetic theory
942 ## - ADDED ENTRY ELEMENTS (KOHA)
Koha item type General Book
Holdings
Sublocation or collection (holding branch) Koha date last seen Piece designation (barcode) Not for loan Koha item type Withdrawn status Koha full call number Koha normalized classification for sorting Date acquired Shelving location Copy number Damaged status Price effective from Source of classification or shelving scheme Location (home branch) Lost status
Central Library, BUET2014-11-1079758 General Book 530.41/HAY/1981530_000000000000000_41HAY19812014-11-10Circulation section1 2014-11-10 Central Library, BUET 
Central Library, BUET2014-11-1079759 General Book 530.41/HAY/1981530_000000000000000_41HAY19812014-11-10Circulation section2 2014-11-10 Central Library, BUET 
Central Library, BUET2014-11-2979757 General Book 530.41/HAY/1981530_410000000000000_HAY_19812014-11-29Circulation section3 2014-11-29 Central Library, BUET 
Central Library, BUET2014-11-2979756 General Book 530.41/HAY/1981530_000000000000000_41HAY19812014-11-29Circulation section4 2014-11-29 Central Library, BUET 
Central Library, BUET2015-06-1179760 Reading Item 530.41/HAY/1981530_410000000000000_HAY_19812015-06-11Reading section5 2015-06-11 Central Library, BUET